| 000 | 00480nam a22001697a 4500 | ||
|---|---|---|---|
| 005 | 20251108164926.0 | ||
| 008 | 250721s1979 xx 000 0 ara d | ||
| 082 | 1 | 4 | _a213/احم |
| 100 | 1 | _aالشرباصي، أحمد | |
| 245 | 1 | 0 | _aتوجيه الرسول للحياة و الأحياء / |
| 264 | 1 |
_aبيروت : _bدار الجيل، _c1979. |
|
| 300 | _a400ص | ||
| 650 | 1 | 7 | _aالإسلام |
| 650 | 1 | 7 | _aالحديث الشريف |
| 942 |
_2ddc _cBK |
||
| 999 |
_c17597 _d17597 |
||